|
|
|
|
| LEADER |
01158nam a2200253 a 4500 |
| 001 |
13863966 |
| 008 |
100103r20091997njua b 001 0 eng d |
| 010 |
|
|
|a 2005041794
|
| 020 |
|
|
|a 9788126513932
|
| 020 |
|
|
|a 047166782X (cloth)
|
| 040 |
|
|
|a DLC
|c DLC
|d DLC
|d BD-DhAAL
|
| 082 |
0 |
0 |
|a 621.382/4
|2 21
|
| 100 |
1 |
|
|a Balanis, Constantine A.,
|d 1938-
|
| 245 |
1 |
0 |
|a Antenna theory :
|b analysis and design /
|c Constantine A. Balanis.
|
| 250 |
|
|
|a 2nd ed.
|
| 260 |
|
|
|a Hoboken, NJ ;
|a New Delhi:
|b Wiley India,
|c c1997.[reprinted 2009]
|
| 300 |
|
|
|a xvi, 941 p. :
|b ill. ;
|c 24 cm.
|
| 504 |
|
|
|a Includes bibliographical references and index.
|
| 541 |
1 |
|
|e 00019694
|
| 650 |
|
0 |
|a Antennas (Electronics)
|
| 852 |
4 |
|
|a Ayesha Abed Library
|j General Shelf.
|
| 999 |
|
|
|c 6610
|d 6610
|
| 952 |
|
|
|0 0
|1 0
|2 ddc
|4 0
|6 621_382400000000000_BAL_2009
|7 0
|9 6761
|a BRACUL
|b BRACUL
|c GEN
|d 2010-01-02
|e Trust Line International
|l 4
|m 73
|o 621.3824 BAL
|p 3010019694
|r 2022-09-26
|s 2022-09-11
|t 1
|w 2010-01-03
|y BK
|
| 952 |
|
|
|0 0
|1 0
|2 ddc
|4 0
|6 621_382400000000000_BAL_2009
|7 0
|9 6762
|a BRACUL
|b BRACUL
|c GEN
|d 2010-01-02
|e Trust Line International
|l 5
|m 62
|o 621.3824 BAL
|p 3010019695
|r 2025-05-22
|s 2025-04-20
|t 2
|w 2010-01-03
|y BK
|